2934-たつの市(兵庫県)の駅 - Statistics

General Stats
  • This quiz has been taken 17 times
  • The average score is 5 of 6
Answer Stats
Answer % Correct
竜野
100%
本竜野
100%
播磨新宮
93%
千本
86%
東觜崎
79%
西栗栖
64%
No matching quizzes found
Score Distribution
Percent of People with Each Score
Percentile by Number Answered
Your Score History
You have not taken this quiz